000 00643nam a2200241Ia 4500
003 OSt
005 20220928114855.0
006 a|||||r|||| 00| 0
007 ta
008 220927b |||||||| |||| 00| 0 eng d
024 _a65781
037 _cTextual
040 _aSDCL
_cSDCL
_beng
041 _2eng
_aeng
082 _aV5'P, P0
100 _aAnderson Peter J Ed.
_9441768
245 0 _aNew Europe in transition
260 _aLondon
_bContinuum
_c2000
300 _ax,325p.Bibp291-317
_ccm.
650 _aHistory European
_9437148
942 _hV5'P, P0
_cTEXL
_2CC
999 _c757138
_d757138